Sports Quiz

Random Sports or NFL Quiz

NFL Last 200-Yard Receiver (by Team) Quiz Stats

 Plays Quiz Updated Jan 2, 2019

Challenge
Share
Tweet
Embed
Score 0/32 Timer 06:00
14 Plays Today
Team Receiver % Correct
Houston TexansDeAndre Hopkins
88.6%
Cincinnati BengalsAJ Green
84.8%
Carolina PanthersSteve Smith
84.8%
Atlanta FalconsJulio Jones
82.7%
Dallas CowboysAmari Cooper
75%
San Francisco 49ersGeorge Kittle
74.8%
Jacksonville JaguarsJustin Blackmon
72.5%
Minnesota VikingsAdam Thielen
71.9%
Cleveland BrownsJosh Gordon
69.8%
Detroit LionsMarvin Jones
67.8%
Arizona CardinalsAnquan Boldin
67.2%
Los Angeles RamsTorry Holt
65.6%
New York GiantsOdell Beckham Jr.
59.7%
Pittsburgh SteelersAntonio Brown
58.4%
Buffalo BillsLee Evans
57.4%
Philadelphia EaglesDeSean Jackson
48.2%
Team Receiver % Correct
Tampa Bay BuccaneersMike Evans
41.5%
New England PatriotsWes Welker
33.4%
Seattle SeahawksSteve Largent
30.9%
Green Bay PackersJordy Nelson
29.9%
Miami DolphinsBrian Hartline
28.6%
Tennessee TitansKenny Britt
27.8%
Indianapolis ColtsT.Y. Hilton
26.2%
Denver BroncosDemaryius Thomas
21.3%
Los Angeles ChargersMalcom Floyd
21%
Chicago BearsAlshon Jeffery
16.2%
New York JetsEric Decker
7.9%
Baltimore RavensQadry Ismail
6.4%
Washington RedskinsRod Gardner
3.7%
Oakland Raiders**Amari Cooper
3.7%
Kansas City ChiefsTyreek Hill
3.5%
New Orleans SaintsMichael Thomas
1.5%

You're not logged in!

Compare scores with friends on all Sporcle quizzes.
OR
Log In

You Might Also Like...

Show Comments

Extras

Top Quizzes Today


Score Distribution

Your Account Isn't Verified!

In order to create a playlist on Sporcle, you need to verify the email address you used during registration. Go to your Sporcle Settings to finish the process.

Report this User

Report this user for behavior that violates our Community Guidelines.

Details: